Regions of Spain by Images - Statistics

General Stats
  • This quiz has been taken 17 times
  • The average score is 8 of 17
Answer Stats
Picture Answer % Correct
Catalonia
80%
Madrid
73%
Valencia
73%
Andalusia
67%
Canary Islands
67%
Balearic Islands
53%
Basque Country
53%
Galicia
53%
Aragon
47%
Murcia
47%
Cantabria
40%
Extremadura
40%
La Rioja
40%
Asturias
27%
Castile and Leon
27%
Navarre
27%
Castile La Mancha
13%
No matching quizzes found
Score Distribution
Percent of People with Each Score
Percentile by Number Answered
Your Score History
You have not taken this quiz